Homiletisk forskning i Norden

Saved in:  
Bibliographic Details
Main Author: Björkstrand, Gustav 1941- (Adapter)
Format: Print Book
Language:Swedish
Subito Delivery Service: Order now.
Check availability: HBZ Gateway
WorldCat: WorldCat
Interlibrary Loan:Interlibrary Loan for the Fachinformationsdienste (Specialized Information Services in Germany)
Published: Abo Abo Akad. 1995
In: Skrifter i praktisk teologi vid Åbo Akademi (40)
Year: 1995
Series/Journal:Skrifter i praktisk teologi vid Åbo Akademi 40
Standardized Subjects / Keyword chains:B Nordic states / Homiletics
Further subjects:B Conference program 1994 (Turku)

MARC

LEADER 00000cam a2200000 c 4500
001 1120712955
003 DE-627
005 20240430221806.0
007 tu
008 960304s1995 xx ||||| 00| ||swe c
020 |a 9516506526  |9 951-650-652-6 
035 |a (DE-627)1120712955 
035 |a (DE-576)050712950 
035 |a (DE-599)BSZ050712950 
035 |a (OCoLC)36370541 
040 |a DE-627  |b ger  |c DE-627  |e rakwb 
041 |a swe 
084 |a 1  |2 ssgn 
245 0 0 |a Homiletisk forskning i Norden  |c red. Gustav Björkstrand 
264 1 |a Abo  |b Abo Akad.  |c 1995 
300 |a 110 S.  |b graph. Darst. 
336 |a Text  |b txt  |2 rdacontent 
337 |a ohne Hilfsmittel zu benutzen  |b n  |2 rdamedia 
338 |a Band  |b nc  |2 rdacarrier 
490 1 |a Skrifter i praktisk teologi vid Åbo Akademi  |v 40 
583 1 |a Archivierung prüfen  |c 20200919  |f DE-640  |z 1  |2 pdager 
583 1 |a Archivierung/Langzeitarchivierung gewährleistet  |f SSG  |x XA-DE-BW  |2 pdager  |5 DE-21 
655 7 |a Konferenzschrift  |y 1994  |z Turku  |0 (DE-588)1071861417  |0 (DE-627)826484824  |0 (DE-576)433375485  |2 gnd-content 
689 0 0 |d g  |0 (DE-588)4042530-7  |0 (DE-627)106213857  |0 (DE-576)209051051  |2 gnd  |a Nordische Staaten 
689 0 1 |d s  |0 (DE-588)4122202-7  |0 (DE-627)105764159  |0 (DE-576)209549505  |2 gnd  |a Homiletik 
689 0 |5 (DE-627) 
700 1 |e Red.  |0 (DE-588)124212107  |0 (DE-627)085710938  |0 (DE-576)170759237  |4 adp  |a Björkstrand, Gustav  |d 1941- 
810 2 |a Åbo Akademi  |t Skrifter i praktisk teologi vid Åbo Akademi  |v 40  |9 40  |w (DE-627)110296851X  |w (DE-576)032968515  |x 1236-1658  |7 am 
935 |a mteo 
951 |a BO 
ACO |a 1 
ELC |b 1 
ITA |a 1  |t 1 
LOK |0 000 xxxxxcx a22 zn 4500 
LOK |0 001 2276324317 
LOK |0 003 DE-627 
LOK |0 004 1120712955 
LOK |0 005 19970704000000 
LOK |0 008 960304||||||||||||||||ger||||||| 
LOK |0 040   |a DE-21  |c DE-627  |d DE-21 
LOK |0 852   |a DE-21 
LOK |0 852 1  |c 11 E 5539  |9 00 
LOK |0 935   |a theo 
LOK |0 939   |a 04-03-96  |b l01 
ORI |a SA-MARC-ixtheoa001.raw 
STA 0 0 |a Homiletics,Preaching,Nordic states 
STB 0 0 |a Homilétique 
STC 0 0 |a Homilética 
STD 0 0 |a Omiletica 
STE 0 0 |a 讲道学,讲道术,说教术 
STF 0 0 |a 講道學,講道術,說教術 
STG 0 0 |a Homilética 
STH 0 0 |a Гомилетика 
STI 0 0 |a Ομιλητική 
SYG 0 0 |a Nordische Länder , Predigtlehre,Ars praedicandi 
TIM |a 100019940101_100019941231  |b 1994 - 1994